000 00519nam a2200193Ia 4500
005 20250326144948.0
008 250326s9999 xx 000 0 und d
020 _a978-81-7194-505-4
037 _aTextbook
040 _aFMSL
_beng
_cFMSL
041 _aeng
_2eng
084 _aX72D P8
_qFMSL
100 _aReckoner R
_9750383
245 0 _aForeign exchange laws
_cReckoner R
260 _aNew Delhi
_bNew Delhi, Taxmann's
_c2008
300 _av..
942 _cTB
_hX72D P8
999 _c1305816
_d1305816